000 00221nam a2200097Ia 4500
008 170619s9999 xx 000 0 und d
100 _aKHANNA S K
245 0 _aAIRPORT PLANNING AND DESIGN
260 _bNem Chand
260 _c2009
546 _aENGLISH
999 _c18993
_d18993